|
|
|
|
| LEADER |
00000nab a2200000 a 4500 |
| 001 |
vtls000911932 |
| 003 |
SK-MaSNL |
| 005 |
20260302174306.0 |
| 008 |
040720e20020701xo 0 slo |
| 035 |
|
|
|a KE20846
|
| 040 |
|
|
|a KEVKJB
|b slo
|c KEVKJB
|e AACR2
|
| 041 |
0 |
|
|a slo
|
| 044 |
|
|
|a xo
|c SK
|
| 080 |
|
|
|a 394.2
|2 1981
|
| 100 |
1 |
|
|a Mikulová, Eva
|4 aut
|9 365709
|
| 245 |
1 |
0 |
|a Moldavčania upečeného vola zjedli ešte v sobotu
|
| 650 |
0 |
7 |
|a roč. 6.
|2 KEVKJB
|9 877405
|
| 650 |
0 |
7 |
|a akcie
|2 KEVKJB
|9 28904
|
| 650 |
0 |
7 |
|a priebeh
|2 KEVKJB
|9 29559
|
| 650 |
0 |
7 |
|a informácie
|2 KEVKJB
|9 1285
|
| 651 |
|
7 |
|a Košice-okolie (Slovensko : okres)
|2 KEVKJB
|9 146743
|
| 651 |
|
7 |
|a Moldava nad Bodvou (Slovensko)
|2 KEVKJB
|9 20255
|
| 651 |
|
7 |
|a KS,
|2 KEVKJB
|9 880381
|
| 655 |
|
7 |
|a periodikum
|2 snkbucl
|9 29553
|
| 773 |
0 |
8 |
|t Košický denník Korzár
|g Roč. 5, č.151, 1.7.2002, s. 3
|x 1335-4566
|
| 852 |
|
|
|a ZVYKNI
|b KIS3GCP
|
| 999 |
|
|
|c 1403639
|d 1405569
|